000 00330nam a2200133Ia 4500
005 20251222143216.0
008 251222s9999||||xx |||||||||||||| ||spa||
020 _a84-7784-455-0
082 _a868.6/M64
100 _aMiró, Gabriel
245 0 _aHilván de Escenas
264 _bDiputación Provincial de Alicante
942 _cLIB
999 _c13641
_d13641